Методы анализа текста и дискурса (Запис № 368603)

МАРК-запис
000 -Лідер
fixed length control field 02021nam a22002537a 4500
001 - Контрольний номер
control field 82293
003 - Ідентифікатор контрольного номера
control field UA-OsUOA
005 - Дата та час останнього входження (трансакції)
control field 20230504161324.0
007 - Фіксоване поле фізичного опису
fixed length control field ta
008 - Елементи даних фіксованої довжини – загальна інформація
fixed length control field 20120228b un ||||| |||| 00| 0 ukr d
020 ## - Міжнародний стандартний книжковий номер (ISBN)
Міжнародний стандартний книжковий номер (ISBN) (НП) 978-966-8324-61-1
040 ## - Джерело каталогізації
Агенція оригінальної каталогізації UA-OsUOA
Мова каталогізації rus
Агенція, яка здійснювала перезапис UA-OsUOA
Агенція, яка здійснювала модифікацію UA-OsUOA
041 ## - Код мови
Код мови тексту/ звукової доріжки чи окремого заголовка (П) rus
080 ## - Індекс Універсальної десяткової класифікації
Індекс Універсальної десяткової класифікації (УДК) (НП) 81'42
090 ## - Локальний шифр розміщення
Класифікаційний індекс УДК 81'42
Авторський знак (НП) М54
245 ## - Відомості про назву
Назва (НП) Методы анализа текста и дискурса
Дані про відповідальність (НП) Тичер С., Мейер М., Водак Р., Веттер Е.
260 ## - Публікація, розповсюдження і т.п. (Вихідні дані)
Місце публікації, розповсюдження і т.п. (П) Х.
Ім’я/ наймення видавництва, розповсюджувача і т.п. (П) Гуманитарный Центр
Дата публікації, розповсюдження і т.п. (П) 2009
300 ## - Фізичний опис
Обсяг 356 с.
520 ## - Резюме і т.п.
Резюме, реферат, анотація, тощо (НП) Если Вы - специалист в области лингвистики и социолингвистических исследований или стремитесь им стать - эта книга станет для Вас не заменимым подспорьем. Здесь представлен самый широкий спектр методов анализа текста и дискурса - как их определяют в теории и как их можно применить на практике. Все методы даны в сравнении с другими, что значительно облегчает выбор подходящего для каждой конкретной ситуации. Широта подхода и разносторонний опыт авторов значительно выделяет книгу среди других работ по текстовому и дискурс-анализу. Учитывая ее полноту, можно смело утверждать - перед Вами энциклопедия по социолингвистическим исследованиям.
650 #7 - Додаткове предметне введення – тематичний термін
Тематичний термін чи географічна назва, як елемент введення (НП) 8 Мовознавство. Художня література. Літературознавство
Джерело заголовка чи терміна UDC
942 ## - Додаткові елементи входу (Коха)
Тип елемента Koha Книги
Source of classification or shelving scheme Universal Decimal Classification
955 ## - Код типу видання за змістом
Код типу видання за змістом (НП) Навчальні видання
Фонди
Стан вилучень Стан втрат Джерело класифікації або схеми стелажів Стан уражень Не для кредиту Постійне місце розташування Поточне розміщення Дата придбання Джерело придбання Вартість, звичайна ціна покупки Інвентарний номер Усього замовленно Повний номер виклику Штрих-код Дата останнього перегляду Ціна ефективна від Тип елемента Koha
    Universal Decimal Classification     ЧЗ - Читальна зала ЧЗ - Читальна зала 28/02/2012 16/2012 90.00 137345   81'42 М54 137345 15/11/2021 28/02/2012 Книги